000 00536nam a2200193 a 4500
001 1774865108112
003 YourLibrary
005 20260330153908.0
008 260330s2005##################000#0#eng##
020 _a9781853024825
082 0 4 _a362.1TIT
100 1 _aTitterton, Mike,
_eauthor.
245 1 0 _aRisk and Risk Taking in Health and Social Welfare :
260 _bJessica Kingsley Publishers,
_c2005.
300 _a162 pages
650 0 _aHealth & Fitness.
942 _cENGLISH
040 _aYourLibrary
_beng
_cYourLibrary
999 _c618415
_d618415